| 000 | 006730000a22002530004500 | ||
|---|---|---|---|
| 082 |
_a658.3 _bB38h _cT |
||
| 518 | _a20000510 | ||
| 530 | _aM | ||
| 100 | _aBeardwell, Ian, ed. | ||
| 100 | _aHolden, Len, ed. | ||
| 245 | _aHuman resource management a contemporary perspective | ||
| 260 |
_aNew Delhi _bMacmillan India, India |
||
| 260 | _c1994 | ||
| 300 |
_ax, 694p. _billus. |
||
| 041 | _aEng | ||
| 500 | _aBibliography at the end of each chapter | ||
| 650 | _aPersonnel management | ||
| 650 | _aHuman resources development | ||
| 650 | _aHuman resources | ||
| 650 | _aLabour market | ||
| 650 | _aEmployment | ||
| 650 | _aPersonnel selection | ||
| 942 | _cGEN | ||
| 999 |
_c21335 _d21335 |
||